00908nam a22001337a 4500999001700000003000400017008004100021245003900062250021300101260005300314650004500367942001200412952035000424 c10342d10342OSt201203b ||||| |||| 00| 0 eng d aJournal on Electronics Engineering a2016-17(Sep-Nov Vol.7 No.1, Dec-Feb Vol.7 No.2, Mar-May Vol.7 No.3) 2013-14(Dec-Feb Vol.4 No.2) 2014(Mar-May Vol.4 No.3, Jun-Aug Vol.4 No.4, Sep-Nov Vol.5 No.1) 2014-15(Mar-May Vol.5 No.3, Jun-Aug Vol.5 No.4) aKanyakumari, Tamil Nadu bI Manager Publications aElectronic and Communication Engineering 2ddccBV 00102ddc3Bound Volume40718BTECHECEaPIETbPIETd2021-01-11eI Manager Publicationsh2016-17(Sep-Nov Vol.7 No.1, Dec-Feb Vol.7 No.2, Mar-May Vol.7 No.3) 2013-14(Dec-Feb Vol.4 No.2) 2014(Mar-May Vol.4 No.3, Jun-Aug Vol.4 No.4, Sep-Nov Vol.5 No.1) 2014-15(Mar-May Vol.5 No.3, Jun-Aug Vol.5 No.4)l0pBV1010r2021-01-11 00:00:00w2013-01-09yBV